000 01498cam a22001934a 4500
005 20250605164123.0
008 250528s ||||||||||||||||||||||||d
035 _a18358
020 _a960351330
040 _aGR-AtMCL
_bgre
_dGR-AtMCL
_eAACR2
245 1 _aΗ Διοίκηση της Διαχείρισης και της Παραγωγής στις Ναυτιλιακές Επιχειρήσεις
260 _bΣταμούλης Α,
_c2001
300 _a552
520 _aΠρόλογος, Ορισμός του Αντικειμένου, Οι Παράγοντες που Επηρεάζουν την Επιλογή ή Σχεδίαση του Πλοίου, Η Οικονομική της Αγοράς των Μεταχειρισμένων Πλοίων, Η Μικροοικονομική Θεωρία Επενδύσεων του J. M. Keynes, Η Οικονομική Θεωρία της ΑγοράςΜεταχειρισμένων Πλοίων, Οι Παράγοντες που Επηρεάζουν την Επιλογή Σημαίας, Η Εγκριτική Πράξη, Η Διαπραγμάτευση της Ναύλωσης, Θωρία Αντιμετώπισης Κρίσεων στη Ναυτιλία, Διεθνή Νηολόγια και Συνθήκες Νηολόγησης Πλοίων σε Διάφορες Σημαίες, Γενική Βιβλιογραφία.
700 1 _aΓουλιέλμος Αλέξανδρος Μ
_94628
942 _cBK
999 _c3720
_d3720